书目信息 |
| 题名: |
隋炀帝传
|
|
| 作者: | 袁刚 著 | |
| 分册: | ||
| 出版信息: | 北京 人民出版社 2016 |
|
| 页数: | 762页 | |
| 开本: | 21cm | |
| 丛书名: | 中国历代帝王传纪 | |
| 单 册: | ||
| 中图分类: | K827=41 | |
| 科图分类: | ||
| 主题词: | ||
| 电子资源: | ||
| ISBN: | 978-7-01-016580-6 | |
| 000 | 00802oam2 2200253 450 | |
| 001 | 233 | |
| 005 | 20180521103318.78 | |
| 010 | @a978-7-01-016580-6@b精装@dCNY59.00 | |
| 100 | @a20170215d2016 em y0chiy50 ea | |
| 101 | 0 | @achi |
| 102 | @aCN@b110000 | |
| 105 | @ay z 000yb | |
| 200 | 1 | @a隋炀帝传@9sui yang di zhuan@f袁刚著 |
| 205 | @a2版 | |
| 210 | @a北京@c人民出版社@d2016 | |
| 215 | @a762页@d21cm | |
| 225 | 2 | @a中国历代帝王传纪 |
| 330 | @a本书以翔实的史料、优美的文笔对隋炀帝杨广作了深入系统的研究,拨开了笼罩在炀帝身上的重重迷雾,栩栩如生地再现了炀帝极富传奇色彩的人生。 | |
| 461 | 0 | @12001 @a中国历代帝王传纪 |
| 600 | 0 | @a隋炀帝@f(569-618)@x传记 |
| 690 | @aK827=41@v5 | |
| 701 | 0 | @a袁刚@9yuan gang@f(1953~)@4著 |
| 801 | 0 | @aCN@b91MARC@c20170215 |
| 905 | @aMuseLib@dK827=41@e728=2 | |
| 隋炀帝传/袁刚著.-2版.-北京:人民出版社,2016 |
| 762页;21cm.-(中国历代帝王传纪) |
| ISBN 978-7-01-016580-6(精装):CNY59.00 |
| 本书以翔实的史料、优美的文笔对隋炀帝杨广作了深入系统的研究,拨开了笼罩在炀帝身上的重重迷雾,栩栩如生地再现了炀帝极富传奇色彩的人生。 |
| ● |
| 相关链接 |
|
|
|
|
正题名:隋炀帝传
索取号:K827=41/728=2
 
预约/预借
| 序号 | 登录号 | 条形码 | 馆藏地/架位号 | 状态 | 备注 |
| 1 | 1101336 | 211013366 | 第二样本阅览室/ [索取号:K827=41/728=2] | 在馆 | |
| 2 | 1101337 | 211013375 | 教育系资料室/ [索取号:K827=41/728=2] | 在馆 | |
| 3 | 1101338 | 211013384 | 教育系资料室/ [索取号:K827=41/728=2] | 在馆 | |
| 4 | 1101339 | 211013393 | 教育系资料室/ [索取号:K827=41/728=2] | 在馆 | |
| 5 | 1101340 | 211013400 | 第二借阅区/ [索取号:K827=41/728=2] | 在馆 | |
| 6 | 1101341 | 211013419 | 第二借阅区/ [索取号:K827=41/728=2] | 在馆 |